The notebooks of Henry James / (Record no. 76532)
[ view plain ]
| 000 -LEADER | |
|---|---|
| fixed length control field | 01124cam a2200337 a 4500 |
| 001 - CONTROL NUMBER | |
| control field | 76532 |
| 003 - CONTROL NUMBER IDENTIFIER | |
| rucl marc code | BD-RjUL |
| 005 - DATE AND TIME OF LATEST TRANSACTION | |
| control field | 20211209082845.0 |
| 008 - FIXED-LENGTH DATA ELEMENTS--GENERAL INFORMATION | |
| fixed length control field | 191217r19621947nyu 000 0 eng d |
| 035 ## - SYSTEM CONTROL NUMBER | |
| System control number | OCLC ocm00273979 from D951213M |
| 040 ## - CATALOGING SOURCE | |
| Original cataloging agency | WSU |
| Transcribing agency | WSU |
| Modifying agency | OCL |
| -- | EQO |
| Language of cataloging | eng |
| 041 ## - LANGUAGE CODE | |
| Language code of text/sound track or separate title | eng |
| 082 ## - DEWEY DECIMAL CLASSIFICATION NUMBER | |
| Edition number | 23 |
| Classification number | 818.403 |
| Author mark and year | JAN 1962 |
| 090 ## - LOCALLY ASSIGNED LC-TYPE CALL NUMBER (OCLC); LOCAL CALL NUMBER (OCLC) | |
| Classification number (OCLC) (R) ; Classification number, CALL (RLIN) (NR) | PS2123 |
| Local cutter number (OCLC) ; Book number/undivided call number, CALL (RLIN) | .A4 1961 |
| 092 ## - LOCALLY ASSIGNED DEWEY CALL NUMBER (OCLC) | |
| Classification number | D0503349849 |
| 100 1# - MAIN ENTRY--PERSONAL NAME | |
| Personal name | James, Henry, |
| Dates associated with a name | 1843-1916. |
| 9 (RLIN) | 236557 |
| 245 14 - TITLE STATEMENT | |
| Title | The notebooks of Henry James / |
| Statement of responsibility, etc. | edited by F.O. Matthiessen and Kenneth B. Murdock. |
| 260 ## - PUBLICATION, DISTRIBUTION, ETC. (IMPRINT) | |
| Place of publication, distribution, etc. | New York : |
| Name of publisher, distributor, etc. | Oxford University Press, |
| Date of publication, distribution, etc. | 1961.[1962] |
| 300 ## - PHYSICAL DESCRIPTION | |
| Pagination | 425 p. ; |
| Size | 21 cm. |
| 490 1# - SERIES STATEMENT | |
| Series statement | Galaxy book ; |
| Volume/sequential designation | GB61 |
| 500 ## - GENERAL NOTE | |
| General note | First published, 1947 |
| 600 ## - SUBJECT ADDED ENTRY--PERSONAL NAME | |
| Personal name | James, Henry, |
| Dates associated with a name | 1843-1916 |
| 700 1# - ADDED ENTRY--PERSONAL NAME | |
| Personal name | Matthiessen, F. O. |
| Fuller form of name | (Francis Otto), |
| Dates associated with a name | 1902-1950. |
| Personal name | Murdock, Kenneth Ballard, |
| Dates associated with a name | 1895-1975. |
| 830 #0 - SERIES ADDED ENTRY--UNIFORM TITLE | |
| Uniform title | Galaxy book ; |
| Volume number/sequential designation | GB61. |
| 942 ## - ADDED ENTRY ELEMENTS (KOHA) | |
| Source of classification or shelving scheme | Dewey Decimal Classification |
| Koha item type | Books |
| Lost status | Source of classification or shelving scheme | Damaged status | Not for loan | Collection code | Permanent Location | Current Location | Shelving location | Date acquired | Source of acquisition | Cost, normal purchase price | Total Checkouts | Full call number | Date last seen | Copy number | Koha item type |
|---|---|---|---|---|---|---|---|---|---|---|---|---|---|---|---|
| Dewey Decimal Classification | Not For Loan | Non-fiction | Central Library, University of Rajshahi | Central Library, University of Rajshahi | Reading Room | 23/10/1968 | Zeitlinger | 21.00 | 818.403 JAN 1962 | 18/12/2019 | C-1 | Books | |||
| Dewey Decimal Classification | Non-fiction | Central Library, University of Rajshahi | Central Library, University of Rajshahi | 23/10/1968 | Zeitlinger | 21.00 | 818.403 JAN 1962 | 18/12/2019 | C-2 | Books | |||||
| Dewey Decimal Classification | Non-fiction | Central Library, University of Rajshahi | Central Library, University of Rajshahi | 23/10/1968 | Zeitlinger | 21.00 | 818.403 JAN 1962 | 18/12/2019 | C-3 | Books |